NFL Team Passing Leaders - Statistics

General Stats
  • This quiz has been taken 106,576 times
    6,919 since last reset
  • The average score is 22 of 32
Answer Stats
Yards Team Quarterback % Correct
74,571 Patriots Tom Brady
100%
68,010 Saints Drew Brees
97%
57,023 Giants Eli Manning
96%
35,939 Chiefs Patrick Mahomes
96%
54,828 Colts Peyton Manning
96%
61,655 Packers Brett Favre
94%
64,088 Steelers Ben Roethlisberger
93%
61,361 Dolphins Dan Marino
93%
35,919 Cowboys Dak Prescott
91%
45,109 Lions Matthew Stafford
90%
59,735 Falcons Matt Ryan
89%
37,059 Seahawks Russell Wilson
89%
59,271 Chargers Philip Rivers
88%
35,124 49ers Joe Montana
87%
38,245 Ravens Joe Flacco
85%
51,475 Broncos John Elway
85%
29,725 Panthers Cam Newton
72%
35,467 Bills Jim Kelly
65%
33,685 Titans / Oilers Warren Moon
65%
35,222 Raiders Derek Carr
61%
27,057 Jets Joe Namath
59%
32,873 Eagles Donovan McNabb
55%
23,443 Bears Jay Cutler
48%
19,737 Buccaneers Jameis Winston
47%
33,098 Vikings Fran Tarkenton
46%
23,221 Texans Matt Schaub
41%
25,206 Commanders / Redskins Joe Theismann
35%
32,838 Bengals Ken Anderson
26%
25,698 Jaguars Mark Brunell
25%
23,713 Browns Brian Sipe
15%
34,639 Cardinals Jim Hart
14%
23,758 Rams Jim Everett
13%
No matching quizzes found
Score Distribution
Percent of People with Each Score
Percentile by Number Answered
Your Score History
You have not taken this quiz since the last reset